| 000 | 00698nam a2200241 a 4500 | ||
|---|---|---|---|
| 999 |
_c8547 _d8547 |
||
| 001 | 8547 | ||
| 003 | BD - JhCC | ||
| 005 | 20220519134021.0 | ||
| 008 | 880808s1966 enka b 001 0 eng | ||
| 020 | _a0043300480 | ||
| 035 | _a(BD - JhCC)8547 | ||
| 040 |
_aDLC _cFXG _dSER _dBD - JhCC |
||
| 041 | _aeng | ||
| 082 |
_bLEW 1966 _a338.9 |
||
| 100 | 1 |
_aLewis, W. Arthur _q(William Arthur), _d1915-1991. |
|
| 245 | 1 | 0 |
_aDevelopment planning : _bthe essentials of economic policy / _cW. Arthur Lewis. |
| 260 |
_aLondon : _bAllen & Unwin, _c1966. |
||
| 300 |
_a278 p. ; _c23 cm. |
||
| 504 | _aIncludes bibliographies and index. | ||
| 650 | 0 | _aEconomic policy. | |
| 942 |
_2ddc _cBK _01 |
||